[Event "EU-ch U18"]
[Site "Vejen"]
[Date "1993.??.??"]
[Round "11"]
[White "Hedman, Erik"]
[Black "Petrov, Jole"]
[Result "1-0"]
[WhiteElo "2255"]
[BlackElo "2360"]
[PlyCount "76"]
[EventDate "1993.??.??"]
[EventType "swiss"]
[EventRounds "11"]
[EventCountry "DEN"]
[Source "ChessBase"]
[SourceDate "1998.11.10"]

1. d4 d5 2. c4 e6 3. Nc3 c6 4. e4 dxe4 5. Nxe4 Bb4+ 6. Bd2 Qxd4 7. Bxb4 Qxe4+
8. Be2 Ne7 9. Nf3 Nd5 10. Nd2 Qd4 11. Ba3 Nf4 12. O-O Nd7 13. Bf3 Ne5 14. Bb4
Qxb2 15. Rb1 Qd4 16. Ne4 Qxd1 17. Rfxd1 Nxc4 18. Rd4 f5 19. Ng3 e5 20. Rxc4 Be6
21. Rc2 e4 22. Be2 h5 23. Bd6 Nxe2+ 24. Nxe2 O-O-O 25. Be5 Rhg8 26. Nd4 Rd5 27.
f4 exf3 28. Nxf3 g5 29. Re1 f4 30. Bc3 Bf5 31. Rd2 Rxd2 32. Nxd2 Bd3 33. Re7
Ba6 34. Ne4 Rd8 35. Nxg5 Rd3 36. Be1 Kd8 37. Rh7 Bc4 38. Rxb7 a6 1-0

[Event "EU-ch U18"]
[Site "Vejen"]
[Date "1993.??.??"]
[Round "11"]
[White "Kempinski, Robert"]
[Black "Aagaard, Jacob"]
[Result "1-0"]
[WhiteElo "2370"]
[BlackElo "2255"]
[PlyCount "67"]
[EventDate "1993.??.??"]
[EventType "swiss"]
[EventRounds "11"]
[EventCountry "DEN"]
[Source "ChessBase"]
[SourceDate "1998.11.10"]

1. Nf3 d6 2. d4 Nf6 3. c4 g6 4. b4 a5 5. b5 Bg7 6. Bb2 Nbd7 7. e3 O-O 8. Be2 e5
9. O-O e4 10. Nfd2 Re8 11. Nc3 h5 12. Qc2 Qe7 13. a4 Nf8 14. Rfc1 Bf5 15. Nd5
Nxd5 16. cxd5 Rac8 17. b6 c5 18. dxc6 bxc6 19. Nc4 Ne6 20. Nxa5 c5 21. b7 Rc7
22. d5 Nf4 23. Bxg7 Nxg2 24. Kxg2 Bh3+ 25. Kxh3 Qh4+ 26. Kxh4 Rxb7 27. Nxb7 g5+
28. Kxg5 f6+ 29. Bxf6 Kf7 30. Bxh5+ Kg8 31. Bxe8 c4 32. Qxe4 c3 33. Qg6+ Kf8
34. Qf7# 1-0

[Event "EU-ch U18"]
[Site "Vejen"]
[Date "1993.??.??"]
[Round "11"]
[White "Nilssen, John Arni"]
[Black "Roberts, Paul"]
[Result "1/2-1/2"]
[WhiteElo "2265"]
[BlackElo "2195"]
[PlyCount "110"]
[EventDate "1993.??.??"]
[EventType "swiss"]
[EventRounds "11"]
[EventCountry "DEN"]
[Source "ChessBase"]
[SourceDate "1998.11.10"]

1. d4 f5 2. Nc3 Nf6 3. Bg5 d5 4. f3 Nc6 5. Qd2 e6 6. e4 dxe4 7. O-O-O Be7 8.
fxe4 Nxe4 9. Nxe4 fxe4 10. Bxe7 Qxe7 11. Ne2 Bd7 12. Ng3 O-O-O 13. Nxe4 Be8 14.
c3 Bg6 15. Qe3 e5 16. d5 Qh4 17. g4 Kb8 18. Be2 Ne7 19. c4 h5 20. Nc3 hxg4 21.
Nb5 Qh6 22. Qxh6 Rxh6 23. Bxg4 Nf5 24. Rde1 e4 25. Bxf5 Bxf5 26. Nd4 g6 27.
Rhf1 Rh5 28. Rf4 c6 29. Ne6 Rg8 30. h4 Kc8 31. Kd2 Kd7 32. Nc5+ Kc7 33. dxc6
Kxc6 34. Nxe4 Rd8+ 35. Kc3 Rdh8 36. Ng3 Rxh4 37. Rxh4 Rxh4 38. Nxf5 gxf5 39.
Re6+ Kc7 40. Rf6 Rf4 41. Rf7+ Kc6 42. b4 Rf3+ 43. Kd4 Rf4+ 44. Kd3 Rf3+ 45. Kc2
a6 46. Rf6+ Kc7 47. a4 f4 48. a5 Kc8 49. Rf7 Kb8 50. b5 axb5 51. cxb5 Ra3 52.
b6 Kc8 53. Rc7+ Kd8 54. Rxb7 Rxa5 55. Rf7 Kc8 1/2-1/2

[Event "EU-ch U18"]
[Site "Vejen"]
[Date "1993.??.??"]
[Round "11"]
[White "Peart, Alan"]
[Black "Kekelidze, Mikheil"]
[Result "0-1"]
[WhiteElo "2115"]
[BlackElo "2230"]
[PlyCount "70"]
[EventDate "1993.??.??"]
[EventType "swiss"]
[EventRounds "11"]
[EventCountry "DEN"]
[Source "ChessBase"]
[SourceDate "1998.11.10"]

1. e4 e6 2. d4 d5 3. e5 c5 4. c3 Nc6 5. Nf3 Qb6 6. Bd3 cxd4 7. cxd4 Bd7 8. O-O
Nxd4 9. Nxd4 Qxd4 10. Qe2 Ne7 11. Nc3 Nc6 12. Be3 Qxe5 13. f4 Qd6 14. f5 a6 15.
Kh1 Be7 16. Rad1 Qe5 17. Qf2 h5 18. Bf4 Qd4 19. Qxd4 Nxd4 20. Be5 Nc6 21. Bxg7
Rg8 22. f6 Bf8 23. Bh7 Rxg7 24. fxg7 Bxg7 25. Rde1 Ne5 26. Bc2 Ke7 27. Rf4 Rc8
28. Rh4 Bf6 29. Rxh5 d4 30. Ne4 Rxc2 31. Nxf6 Kxf6 32. Rhxe5 d3 33. R5e3 Bb5
34. a4 d2 35. h4 Rc1 0-1

[Event "EU-ch U18"]
[Site "Vejen"]
[Date "1993.??.??"]
[Round "11"]
[White "Turner, Matthew"]
[Black "Izsak, Gyula"]
[Result "1-0"]
[WhiteElo "2400"]
[BlackElo "2385"]
[PlyCount "69"]
[EventDate "1993.??.??"]
[EventType "swiss"]
[EventRounds "11"]
[EventCountry "DEN"]
[Source "ChessBase"]
[SourceDate "1998.11.10"]

1. e4 c5 2. Nf3 e6 3. Qe2 Nc6 4. g3 d6 5. Bg2 Nf6 6. O-O Be7 7. c3 e5 8. d3 O-O
9. Nbd2 Qc7 10. Nc4 Be6 11. Ne3 Ne8 12. Nd5 Qd7 13. a3 Nc7 14. Nxe7+ Qxe7 15.
b4 b5 16. Ng5 Bd7 17. f4 f6 18. Nf3 a5 19. bxc5 dxc5 20. Be3 Na6 21. d4 exd4
22. cxd4 cxd4 23. Nxd4 Nxd4 24. Bxd4 Bc6 25. Rac1 Qb7 26. Qa2+ Kh8 27. e5 Bxg2
28. Qxg2 Qxg2+ 29. Kxg2 fxe5 30. Bxe5 Rf7 31. Rc6 b4 32. Rd1 Rfa7 33. Rd5 a4
34. Bd4 bxa3 35. Ra5 1-0

[Event "EU-ch U18"]
[Site "Vejen"]
[Date "1993.??.??"]
[Round "11"]
[White "Van Beers, Eddy"]
[Black "Huberty, Marc"]
[Result "1-0"]
[WhiteElo "2175"]
[BlackElo "2130"]
[PlyCount "113"]
[EventDate "1993.??.??"]
[EventType "swiss"]
[EventRounds "11"]
[EventCountry "DEN"]
[Source "ChessBase"]
[SourceDate "1998.11.10"]

1. d4 Nf6 2. c4 g6 3. Nc3 Bg7 4. e4 d6 5. f3 O-O 6. Be3 e5 7. d5 c6 8. Bd3 cxd5
9. cxd5 Ne8 10. Nge2 Bh6 11. Bxh6 Qh4+ 12. Ng3 Qxh6 13. Qd2 Qxd2+ 14. Kxd2 Nd7
15. b4 a5 16. a3 Nc7 17. Rhc1 Nb6 18. Nd1 Na6 19. Ne3 Bd7 20. bxa5 Na4 21. Rab1
N6c5 22. Nc4 Ra6 23. Ne2 f5 24. Nc3 Rc8 25. Nb5 Bxb5 26. Rxb5 Nxd3 27. Kxd3 b6
28. Rc2 fxe4+ 29. fxe4 bxa5 30. Rxa5 Rxa5 31. Nxa5 Nc5+ 32. Ke3 Rb8 33. Re2 Kf8
34. Kf2 Ke8 35. Re3 Kd7 36. Nc4 Ke7 37. Ke2 Ra8 38. Kd2 Rf8 39. Ke2 Rb8 40. h3
Rb1 41. Nd2 Ra1 42. Kf3 Ra2 43. Nb3 Na4 44. Na5 Nc5 45. Nc6+ Kd7 46. Nb4 Ra1
47. Nd3 Na4 48. Nf2 Ke7 49. h4 Nc5 50. Nh3 Rf1+ 51. Ke2 Rh1 52. Kf2 Ke8 53. Kg3
Rf1 54. Kg4 Rf7 55. Kg5 Kf8 56. Kh6 Kg8 57. Ng5 1-0

[Event "EU-ch U18"]
[Site "Vejen"]
[Date "1993.??.??"]
[Round "11"]
[White "Vedder, Henk"]
[Black "Rogozenco, Dorian"]
[Result "1/2-1/2"]
[WhiteElo "2385"]
[BlackElo "2500"]
[PlyCount "59"]
[EventDate "1993.??.??"]
[EventType "swiss"]
[EventRounds "11"]
[EventCountry "DEN"]
[Source "ChessBase"]
[SourceDate "1998.11.10"]

1. e4 c5 2. Nf3 e6 3. Nc3 Nc6 4. Bb5 Nge7 5. O-O a6 6. Bxc6 Nxc6 7. d4 cxd4 8.
Nxd4 Qc7 9. Nxc6 bxc6 10. Qg4 d5 11. Be3 dxe4 12. Qxe4 Bd6 13. Kh1 O-O 14. Na4
Rb8 15. c4 c5 16. Rad1 Bb7 17. Qg4 f5 18. Qh3 Rf6 19. f3 Bf4 20. Bxf4 Qxf4 21.
Qg3 Qxg3 22. hxg3 Bc6 23. Nxc5 Rxb2 24. Rd6 Bxf3 25. gxf3 Rh6+ 26. Kg1 Rhh2 27.
Rfd1 Rbg2+ 28. Kf1 Rxa2 29. Kg1 Rag2+ 30. Kf1 1/2-1/2